000 00771cam a2200265 i 4500
001 1302897
008 770407s1977 nyu b 000 0 eng
010 _a 77006264
020 _a0841903182
040 _aDLC
_cCUZ
_dCUZ
_beng
_erda
050 0 0 _aDT746
_bLEG
100 1 _aLegum, Colin.
245 1 0 _aSouthern Africa :
_bthe year of the whirlwind /
_cColin Legum.
264 _aNew York :
_bAfricana Pub. Co.,
_cc1977.
300 _a72 pages. ;
_c21 cm.
336 _atext
_btxt
337 _aunmediated
_bn
338 _2rdacarrier
490 0 _aCurrent affairs series
650 0 _aNationalism
651 0 _aAfrica, Southern
651 0 _aAfrica, Southern
942 _cOS
999 _c44733
_d44733